00794nam a2200241 a 4500001000900000005001700009008004100026020001500067041000800082044000700090050002100097100002800118245012800146260002900274300003200303500004200335500002800377504002800405650002700433650002500460700004100485700002600526BRL_161320190320211304.0140414s1996----mx-ao#####---#000-0#spa-# a9686520201 aspa amx 4aNK844b.R66 19961 aRomero Giordano, Carlos10aManos mexicanasbmaestros del arte popularcCarlos Romero Giordano ; prólogo Ruth Lechuga ; fotografía Javier Hinojosa. aMéxicobJilgueroc1996 a141 p.bil. a colorc32 cm. aLa biblioteca cuenta con 2 ejemplares aej.1 Au878, ej.2 Au2289 aBibliografía : p. 14114aArte popularzMéxico14aCerámicazMéxico1 aLechuga, Ruth D.d1920-2004epról.1 aHinojosa, Javiereil.